000 00431cam a22001097a 4500
008 180718b1984 xxu||||| |||| 00| 0 eng d
082 _aO065x54 In2/1984
245 _aBirth order differentials in India
_cby Vital Statistics Division, Ministry of Home Affairs
260 _aNew Delhi
_bVital Statistics Division, Ministry of Home Affairs
_c1984
300 _a213p.
700 _aIndia. Ministry of Home Affairs, Vital Statistics Division
999 _c493978
_d493978